Le physicien et le philosophe : réflexions à partir du Big-Bang, Une société civile universelle est-elle possible? /

Gespeichert in:
Bibliographische Detailangaben
1. Verfasser: Jeannière, Abel (autor)
Format: Buch
Sprache:Französisch
Veröffentlicht: París, Francia : Médiasèvres, 1992
Tags: Tag hinzufügen
Keine Tags, Fügen Sie das erste Tag hinzu!

MARC

LEADER 00000nam^a2200000^a^4500
001 000615573
005 20250606000000.0
009 20260310133704.345
037 |a Acervo Xavier Clavigero 
041 |a FRA 
091 |a FDU. 01601 
100 |a Jeannière, Abel  |e (autor) 
245 1 3 |a Le physicien et le philosophe :  |b réflexions à partir du Big-Bang, Une société civile universelle est-elle possible? / 
264 1 |a París, Francia :  |b Médiasèvres,  |c 1992 
300 |a 36 p. 
336 |a texto  |b txt  |2 rdacontenido 
337 |a sin mediación  |b n  |2 rdamedio 
338 |a volumen  |b nc  |2 rdasoporte 
649 |a XX 
910 |a Fondo Víctor Raúl Durana Valerio S.J. 
920 |a Impresos - Libros 
930 |a Fondos Especiales 
905 |a 116 
901 |a 615573-10  |b IT2  |c ESP  |i D4628  |u 20250606 
902 |a https://opac.biblio.iteso.mx/vufind/Record/000615573